000 00546nam a2200205 a 4500
999 _c1471
_d1471
008 200106t1995 ii ad||g |||| 001 0 eng d
020 _a9788131713839
_cRs.710.00
040 _aKO
_beng
041 0 _aeng
044 _aii
082 0 4 _223
_a623.7348
_bEd21
100 1 _aEdde, Byron
245 1 0 _aRadar :
_bPrinciples, Technology, Applications /
_cByron Edde
260 _aNew Delhi :
_bPearson ,
_c1995.
300 _a731 p. :
_bill., charts ;
_c24 cm
504 _aIncludes Index.
650 0 _aRadar
_vTextbooks
942 _cBK